[Event "Challenge"]
[Site "http://www.queenalice.com/game.php?id=1330567"]
[Date "2014.12.25"]
[Round "-"]
[White "brendinha15"]
[Black "DrBrick"]
[Result "1-0"]
[WhiteElo "1360"]
[BlackElo "979"]

1. d4 d5 2. Nc3 Nf6 3. Nf3 e6 4. g3 c5 5. e3 Nc6 6. b3 cxd4 7. exd4 Bb4 8. Bd2
Qa5 9. Bg2 Bxc3 10. Bxc3 Qxc3+ 11. Nd2 Nxd4 12. O-O Qxc2 13. Qxc2 1-0

[Event "Challenge"]
[Site "http://www.queenalice.com/game.php?id=1330568"]
[Date "2014.12.25"]
[Round "-"]
[White "DrBrick"]
[Black "brendinha15"]
[Result "0-1"]
[WhiteElo "978"]
[BlackElo "1362"]

1. e4 e5 2. Nf3 Nc6 3. Bc4 Nf6 4. Ng5 d6 5. Nxf7 Qe7 6. Nxh8 Be6 7. Bxe6 Qxe6 8.
d3 g6 9. Nc3 Bg7 10. Nxg6 hxg6 11. Bg5 O-O-O 12. Qe2 Nd4 13. Qd2 Re8 0-1

[Event "AUTO-BEG-621"]
[Site "http://www.queenalice.com/game.php?id=1333048"]
[Date "2015.1.5"]
[Round "1"]
[White "DrBrick"]
[Black "caracole"]
[Result "1-0"]
[WhiteElo "1241"]
[BlackElo "867"]

1. e4 e5 2. Nf3 Nc6 3. Bc4 Bc5 4. O-O Qe7 5. c3 Nf6 6. d4 Bd6 7. d5 Na5 8. Bd3
b6 9. Bg5 c6 10. b4 Nb7 11. Nh4 cxd5 12. exd5 e4 13. Bxe4 h6 14. Nf5 Qxe4 15.
Re1 O-O 16. Rxe4 Nxe4 17. Bxh6 Be5 18. Qg4 g6 19. Bxf8 Kxf8 20. Qxe4 d6 21. Ne3
Bf5 22. Nxf5 gxf5 23. Qxf5 Re8 24. Na3 Bxc3 25. Rd1 Bxb4 26. Nc2 Bc3 27. Qd7 Nc5
28. Qxa7 Nd3 29. Rxd3 Be1 30. Kf1 Bxf2 31. Kxf2 Kg7 32. Rg3+ Kf8 33. Rf3 Re5 34.
Qxf7# 1-0

[Event "AUTO-BEG-621"]
[Site "http://www.queenalice.com/game.php?id=1333049"]
[Date "2015.1.5"]
[Round "1"]
[White "caracole"]
[Black "DrBrick"]
[Result "0-1"]
[WhiteElo "876"]
[BlackElo "1223"]

1. e4 e5 2. Nf3 Nc6 3. d4 exd4 4. Nxd4 Qh4 5. Nc3 Bb4 6. Be2 Nf6 7. O-O Bxc3 8.
bxc3 Qxe4 9. Be3 O-O 10. Bd3 Qe8 11. Qf3 Ne5 12. Qh3 d5 13. Bf5 Neg4 14. Bf4
Bxf5 15. Nxf5 Qe4 16. f3 Qxf4 17. fxg4 Qxg4 18. Qd3 Rae8 19. Qd2 Re2 20. Rf2
Rxd2 21. Rxd2 Qxf5 22. Re2 Ne4 23. Rb1 Nxc3 24. Rbe1 Nxe2+ 25. Rxe2 h5 26. h3 c5
27. Re7 Qxc2 28. Re5 d4 29. Rd5 d3 30. Kh2 d2 31. Rxh5 d1=Q 32. Kg3 Qxh5 33. Kh2
Qg5 34. a4 Qcxg2# 0-1

[Event "AUTO-BEG-621"]
[Site "http://www.queenalice.com/game.php?id=1333050"]
[Date "2015.1.5"]
[Round "1"]
[White "DrBrick"]
[Black "JosephPyehoor"]
[Result "0-1"]
[WhiteElo "988"]
[BlackElo "1477"]

1. e4 c6 2. d4 d5 3. exd5 cxd5 4. Nf3 g6 5. Nc3 Nf6 6. Bb5+ Bd7 7. Bxd7+ Nbxd7
8. O-O Bg7 9. Bf4 O-O 10. Qd3 e6 11. Rfe1 a6 12. Ne2 Ne4 13. Nd2 Nxd2 0-1

[Event "AUTO-BEG-621"]
[Site "http://www.queenalice.com/game.php?id=1333051"]
[Date "2015.1.5"]
[Round "1"]
[White "JosephPyehoor"]
[Black "DrBrick"]
[Result "1-0"]
[WhiteElo "1477"]
[BlackElo "1013"]

1. f3 e5 2. Kf2 Nc6 3. e3 d5 4. g3 Bd6 5. d4 Be6 6. Bg2 exd4 7. exd4 Nf6 8. Ne2
O-O 9. Nf4 Re8 10. Nxe6 Rxe6 11. c3 h6 12. Re1 Rxe1 13. Qxe1 Qd7 14. Be3 1-0

[Event "AUTO-INT-2943"]
[Site "http://www.queenalice.com/game.php?id=1333510"]
[Date "2015.1.7"]
[Round "1"]
[White "piemme"]
[Black "DrBrick"]
[Result "1-0"]
[WhiteElo "1699"]
[BlackElo "1051"]

1. e4 e5 2. Qh5 Nc6 3. Bc4 Qe7 4. d3 Nf6 5. Qd1 d6 6. Bg5 h6 7. Bxf6 Qxf6 8. Qf3
Qxf3 9. Nxf3 Bg4 10. Nbd2 Nb4 11. Bb3 Bxf3 12. Nxf3 Na6 13. O-O Nc5 14. Bd5 c6
15. Bc4 a5 16. a3 Be7 17. b4 1-0

[Event "AUTO-INT-2943"]
[Site "http://www.queenalice.com/game.php?id=1333511"]
[Date "2015.1.7"]
[Round "1"]
[White "DrBrick"]
[Black "piemme"]
[Result "0-1"]
[WhiteElo "1051"]
[BlackElo "1701"]

1. e4 e5 2. Nf3 d6 3. Nc3 Nf6 4. d4 exd4 5. Nxd4 Be7 6. Bd3 c5 7. Nf3 a6 8. O-O
b5 9. a4 b4 10. Nd5 Nxd5 11. exd5 Bb7 12. Bc4 O-O 13. c3 a5 14. Qd3 Nd7 15. Re1
Nf6 16. Bf4 Qc7 0-1

[Event "AUTO-INT-2943"]
[Site "http://www.queenalice.com/game.php?id=1333526"]
[Date "2015.1.7"]
[Round "1"]
[White "DrBrick"]
[Black "Wildhagen"]
[Result "0-1"]
[WhiteElo "988"]
[BlackElo "1731"]

1. e4 e5 2. Nf3 Nc6 3. Bb5 Nf6 4. O-O Nxe4 5. Bxc6 dxc6 6. Nxe5 Bd6 7. Nf3 Bg4
8. Re1 f5 9. d3 Qe7 10. dxe4 fxe4 11. Nbd2 O-O-O 12. Qe2 Qe6 13. Qxe4 Qd7 14.
Qa4 a6 15. b3 Qf7 16. Qxg4+ Kb8 17. Bb2 h5 18. Qxg7 Qf5 19. Qg5 Rhf8 20. Qxf5
Rxf5 21. Ne4 Bb4 22. c3 Be7 23. Ng3 Rfd5 24. Rxe7 b5 25. h3 h4 26. Nxh4 Rd2 27.
Ba3 Rd1+ 28. Re1 R1d2 29. Nf3 Rc2 30. Rec1 Rxc1+ 31. Rxc1 Rd3 32. Ne5 Rd2 33.
Nxc6+ Kb7 0-1

[Event "AUTO-INT-2943"]
[Site "http://www.queenalice.com/game.php?id=1333527"]
[Date "2015.1.7"]
[Round "1"]
[White "Wildhagen"]
[Black "DrBrick"]
[Result "1-0"]
[WhiteElo "1729"]
[BlackElo "988"]

1. e4 e5 2. Nf3 Nc6 3. Bc4 Bc5 4. d3 Nf6 5. Bg5 O-O 6. Nc3 Be7 7. Bxf6 Bxf6 8.
O-O d6 9. h3 Bd7 10. Nd5 Na5 11. d4 Nxc4 12. Rb1 exd4 13. Nxd4 c6 14. Nc3 Qb6
15. Na4 Qxd4 16. Qxd4 Bxd4 17. Rfd1 Bf6 18. b3 Na3 19. Rbc1 b5 20. Rxd6 Be6 21.
Nc5 Be7 22. Rxc6 Bxc5 23. Rxc5 b4 24. Ra5 Rfb8 25. c4 g6 26. Re5 a5 27. g4 a4
28. f4 Ra6 29. f5 Bd7 30. Re7 Rd6 31. c5 Rd2 32. c6 Rc8 33. Rxd7 1-0